000 00899cab a2200253 4500
001 WB3202-11
008 090401t1996 xxu||||| |||| 00| 0 eng d
035 _a(Sirsi) u59218
041 _aeng
245 _aBusiness property prospects in doubt
260 _c1996
350 _a0
490 _aFinancial Times
_v8 January 1996, 5
490 _aTimes
_v10 January 1996 36(3)
520 _aAccording to the CBI`s biannual property trends survey, the deterioration of the commercial property market over the last six months has led to many companies in the business sector planning to reduce their property holdings.
650 _aCBI SURVEY
650 _aCORPORATE PROPERTY
650 _aOPERATIONAL PROPERTY
650 _aPROPERTY CONFIDENCE
650 _aPROPERTY INVESTMENT
690 _aPROPERTY-COMMERCIAL PROPERTY-COMMERCIAL PROPERTY MARKET
942 _n0
948 _c04/03/1997
999 _c36303
_d36303